Instructor's manual to accompany Bovee/Houston/Thill marketing

Saved in:
Bibliographic Details
Main Author: Bovée, Courtland L.
Other Authors: Houston, Michael J., Thill, John V.
Format: Book
Language:English
Published: New York : McGraw-Hill, 1995
Edition:2nd ed.
Subjects:
Tags: Add Tag
No Tags, Be the first to tag this record!

MARC

LEADER 00000nam a2200000 i 4500
001 1/62439
008 980618s1995 eng d
020 |a 0070068801 
035 |l 10029074 
040 |a GR-MY-UA  |b gre  |e aacr 
041 0 |a eng 
082 0 |a 658.8 
100 1 |a Bovée, Courtland L. 
245 1 0 |a Instructor's manual to accompany Bovee/Houston/Thill marketing /  |c Courtland L. Bovee, Michael J. Houston, John V. Thill 
250 |a 2nd ed. 
260 |a New York :   |b McGraw-Hill,   |c 1995 
300 |a xii, 569 σ. 
650 0 0 |a Marketing  |x Management. 
700 1 |a Houston, Michael J. 
700 1 |a Thill, John V. 
852 |a INST  |b CHIOS  |e 19980618  |h 658.8 BOV  |p 005200016108  |q 005200016108  |t BK  |y 0 
901 |a BIBL-1998-2 
909 |a Χ  |b 057249 
922 |a 2ΕΛΗ  |b 199805  |c ΤΔΕ  |d ΠΑΠΑΣΩΤΗΡΙΟΥ